Tiếng cười từ kho tàng ca dao người Việt

TM tài liệu tham khảo tr. 419 - 421; Tìm hiểu tiếng cười từ mảng ca dao cười của kho tàng ca dao người Việt; giới thiệu các bài ca dao cười

保存先:
書誌詳細
第一著者: Triều, Nguyên
その他の著者: Hội Văn nghệ dân gian Việt Nam
フォーマット: 図書
言語:Undetermined
出版事項: H. Đại học Quốc gia Hà Nội 2010
主題:
オンライン・アクセス:http://lrc.tdmu.edu.vn/opac/search/detail.asp?aID=2&ID=19074
タグ: タグ追加
タグなし, このレコードへの初めてのタグを付けませんか!
Thư viện lưu trữ: Trung tâm Học liệu Trường Đại học Thủ Dầu Một
LEADER 00998nam a2200217Ia 4500
001 TDMU_19074
008 210410s9999 xx 000 0 und d
082 |a 398.809597 
090 |b TR309 
100 |a Triều, Nguyên 
245 0 |a Tiếng cười từ kho tàng ca dao người Việt 
245 0 |c Triều Nguyên 
260 |a H. 
260 |b Đại học Quốc gia Hà Nội 
260 |c 2010 
300 |a 423 tr. 
520 |a TM tài liệu tham khảo tr. 419 - 421; Tìm hiểu tiếng cười từ mảng ca dao cười của kho tàng ca dao người Việt; giới thiệu các bài ca dao cười  
650 |a Văn hóa dân gian  |x Ca dao  |z Việt Nam; Ca dao  |z Việt Nam; Việt Nam  |x Văn hóa  |x Ca dao 
700 |a Hội Văn nghệ dân gian Việt Nam 
856 |u http://lrc.tdmu.edu.vn/opac/search/detail.asp?aID=2&ID=19074 
980 |a Trung tâm Học liệu Trường Đại học Thủ Dầu Một